|
|
|
|
| LEADER |
01132nam a22003134a 4500 |
| 001 |
3972 |
| 003 |
BD-DhAAL |
| 005 |
20150825102827.0 |
| 008 |
150825s2001 ctuab b 001 0 eng d |
| 020 |
|
|
|a 0879678631
|
| 020 |
|
|
|a 0072432969
|
| 040 |
|
|
|a GAS
|c GAS
|d BD-DhAAL
|
| 050 |
|
|
|a DS885
|b .C64 2001
|
| 082 |
|
|
|a 950.4
|
| 100 |
1 |
|
|a Collinwood, Dean Walter,
|d 1949-
|9 14051
|
| 245 |
1 |
0 |
|a Japan and the Pacific Rim /
|c Dean W. Collinwood.
|
| 246 |
1 |
|
|i At head of title:
|a Global studies
|
| 250 |
|
|
|a 1st ed.
|
| 260 |
|
|
|a Sluice Dock :
|b The Dushkin Publishing,
|c c1991.
|
| 300 |
|
|
|a xii, 244 p. :
|b ill., maps ;
|c 28 cm.
|
| 490 |
1 |
|
|a The Grolier global studies library
|
| 504 |
|
|
|a Includes bibliography (p. 220-226) and index.
|
| 541 |
|
|
|e 3972
|
| 651 |
|
0 |
|a East Asia
|x History
|y 20th century.
|9 14052
|
| 651 |
|
0 |
|a East Asia
|x Politics and government.
|9 14053
|
| 830 |
|
0 |
|a Grolier global studies library.
|9 14054
|
| 942 |
|
|
|2 ddc
|c BK
|
| 999 |
|
|
|c 35321
|d 35321
|
| 952 |
|
|
|0 0
|1 0
|2 ddc
|4 0
|6 950_400000000000000_COL
|7 0
|9 55517
|a SCL
|b SCL
|c GEN
|d 2015-08-25
|e Gift: The Asia Foundation
|l 0
|o 950.4 COL
|p 3020003972
|r 2015-08-25
|t 1
|w 2015-08-25
|y BK
|